| 000 | 00000nam##2200000za#4500 |
| 001 | 9.570210 |
| 003 | CaOODSP |
| 005 | 20210624182131 |
| 007 | cr ||||||||||| |
| 008 | 150406|2009||||xxc|||||o f|0| 0 eng|d |
| 040 | |aCaOODSP|beng |
| 043 | |an-cn--- |
| 086 | 1 |aNH18-1-2/189-2009E-PDF |
| 110 | 2 |aCanada Mortgage and Housing Corporation. |
| 245 | 10|aSloping sand filters for on-site wastewater treatment / |h[electronic resource]|csubmitted by Rob Jamieson, Janice Wilson and Peter Havard. |
| 246 | 3 |aFiltres à sable en pente servant d'installation d'assainissement sur place des eaux usées |
| 260 | |aOttawa - Ontario : |bCanada Mortgage and Housing Corporation |cJune 2009 (main report), December 2009 (Research highlight). |
| 300 | |a66p.|bfigs. (some coloured), graphs, references, tables, photographs |
| 490 | 1 |aResearch report |
| 500 | |aIncludes: Research highlight (Technical series 09-112, December 2009) under the same title. Y compris : Le point en recherche (Série technique 09-112, décembre 2009) sous le titre « Filtres à sable en pente servant d'installation d'assainissement sur place des eaux usées ». |
| 546 | |a(Le point en recherche en français.) |
| 590 | |a11-26-Supp|b2011-11-03 |
| 720 | 1 |aJamieson, Rob |
| 720 | 1 |aWilson, Janice |
| 720 | 1 |aHavard, Peter |
| 830 | #0|aResearch report (Canada Mortgage and Housing Corporation : Online)|w(CaOODSP)9.506068 |
| 856 | 40|ahttp://publications.gc.ca|qPDF|s4.09 MB|uhttps://publications.gc.ca/collections/collection_2011/schl-cmhc/nh18-1-2/NH18-1-2-189-2009-eng.pdf |